000 00609nam a2200229Ia 4500
003 OSt
005 20220918105433.0
006 a|||||r|||| 00| 0
007 ta
008 220915b |||||||| |||| 00| 0 eng d
024 _a94,117
037 _cReference Collections
040 _aARTS
_cARTS
_beng
041 _2eng
_aeng
082 _aU21, J6:K9(RR)
100 _aThornbury William D. Au.
_91391
245 0 _aPrinciples of geomorphology
250 _a2nd
260 _c1969
942 _hU21, J6:K9(RR)
_cREF
999 _c107204
_d107204